| Tag |
First Indicator |
Second Indicator |
Subfields |
| LEADER |
00000cam a2200000Ma 4500 |
| 001 |
in00003544621 |
| 006 |
m o d |
| 007 |
cr nn||||||||| |
| 008 |
121227s1990 ne o 000 0 eng d |
| 005 |
20260422203943.6 |
| 020 |
|
|
|a 9789401137829 (electronic bk.)
|
| 020 |
|
|
|a 940113782X (electronic bk.)
|
| 035 |
|
|
|a (OCoLC)840310008
|
| 040 |
|
|
|a I9W
|b eng
|e pn
|c I9W
|d OCLCO
|d OCLCQ
|d GW5XE
|d OCLCF
|d OCLCO
|d UtOrBLW
|
| 049 |
|
|
|a TXAM
|
| 050 |
|
4 |
|a QD551
|
| 082 |
0 |
4 |
|a 541.3/7
|2 20
|
| 100 |
1 |
|
|a Gutiérrez, C.
|
| 245 |
1 |
0 |
|a Spectroscopic and Diffraction Techniques in Interfacial Electrochemistry /
|c edited by C. Gutiérrez, C. Melendres.
|
| 246 |
3 |
|
|a Proceedings of the NATO Advanced Study Institute, Puerto de la Cruz, Tenerife, Spain, July 3-15, 1988
|
| 264 |
|
1 |
|a Dordrecht :
|b Springer Netherlands :
|b Imprint :
|b Springer,
|c 1990.
|
| 300 |
|
|
|a 1 online resource (504 pages)
|
| 336 |
|
|
|a text
|b txt
|2 rdacontent
|
| 337 |
|
|
|a computer
|b c
|2 rdamedia
|
| 338 |
|
|
|a online resource
|b cr
|2 rdacarrier
|
| 490 |
1 |
|
|a NATO ASI Series, Series C: Mathematical and Physical Sciences, 1389-2185 ;
|v 320
|
| 500 |
|
|
|a Electronic resource.
|
| 650 |
|
0 |
|a Electrochemistry
|v Congresses.
|
| 650 |
|
0 |
|a Surface chemistry
|v Congresses.
|
| 650 |
|
0 |
|a Spectrum analysis
|v Congresses.
|
| 650 |
|
0 |
|a Diffraction
|v Congresses.
|
| 650 |
|
7 |
|a Diffraction.
|2 fast
|0 (OCoLC)fst00893514
|
| 650 |
|
7 |
|a Electrochemistry.
|2 fast
|0 (OCoLC)fst00906371
|
| 650 |
|
7 |
|a Spectrum analysis.
|2 fast
|0 (OCoLC)fst01129108
|
| 650 |
|
7 |
|a Surface chemistry.
|2 fast
|0 (OCoLC)fst01139210
|
| 655 |
|
7 |
|a Electronic books.
|2 local
|
| 655 |
|
7 |
|a Conference proceedings.
|2 fast
|0 (OCoLC)fst01423772
|
| 700 |
1 |
|
|a Melendres, C.
|
| 710 |
2 |
|
|a SpringerLink (Online service)
|
| 830 |
|
0 |
|a NATO ASI series.
|n Series C,
|p Mathematical and physical sciences ;
|v 320.
|
| 856 |
4 |
0 |
|u http://proxy.library.tamu.edu/login?url=https://link.springer.com/10.1007/978-94-011-3782-9
|z Connect to the full text of this electronic book
|t 0
|
| 994 |
|
|
|a 92
|b TXA
|
| 999 |
|
|
|a MARS
|
| 999 |
f |
f |
|s e12e952e-acc7-353e-9219-f0ed42958e1b
|i a03a8060-24b6-3c36-9e42-02b3872cd16a
|t 0
|
| 952 |
f |
f |
|a Texas A&M University
|b College Station
|c Electronic Resources
|s www_evans
|d Available Online
|t 0
|e QD551
|h Library of Congress classification
|
| 998 |
f |
f |
|a QD551
|t 0
|l Available Online
|